La Asimilación en el debate migratorio actual

Guardat en:
Dades bibliogràfiques
Format: Text
Matèries:
Etiquetes: Afegir etiqueta
Sense etiquetes, Sigues el primer a etiquetar aquest registre!

MARC

LEADER 00000 a a2200000 04500
001 6748
003
040
245 |a La Asimilación en el debate migratorio actual  
650 |a ASIMILACION DE MIGRANTES  
650 |a OPINION PUBLICA  
650 |a IDENTIDAD NACIONAL  
650 |a INMIGRACION  
650 |a GUERRA  
650 |a POLITICA MIGRATORIA  
650 |a LATINOAMERICANOS  
650 |a ESTADOS UNIDOS  
773 |g volumen 26, número 1188; páginas 10-11  
999 |c 30018  |d 30018